Finish the song Quiz Stats

 Plays Quiz not verified by Sporcle

Score 0/10 Timer 07:00
0 Plays Today
Song end of song % Correct
I'll stop the world and...melt with you
79.3%
I throw my hands up in the...air sometimes
65.5%
This time baby i'll be...bullet proof
55.2%
My lipgloss is poping my lipgloss is...cool
51.7%
Even if the sky is...falling down
44.8%
You are so...beautiful to me
44.8%
You're a jerk i know you're a jerk...i know
44.8%
I go out walking after midnight...out in the moonlight
24.1%
Even if you dont like me...i bet you'll fall in love with my ride
6.9%
My ragid on the edges girl...oh but i like them rough
6.9%

You're not logged in!

Compare scores with friends on all Sporcle quizzes.
OR
Log In

Sporcle TV

Today on Sporcle TV


Watch our educational content, quiz creation guides, and fun videos on Sporcle TV.

Show Comments

Extras

Created Nov 26, 2010ReportNominate
Tags:Song Quiz, finish

Top Quizzes Today


Score Distribution

Your Account Isn't Verified!

In order to create a playlist on Sporcle, you need to verify the email address you used during registration. Go to your Sporcle Settings to finish the process.

Report this User

Report this user for behavior that violates our Community Guidelines.

Details: